Ciencia y derecho constitucional : (Record no. 10113)

000 -CABECERA
fixed length control field 00840nam a22002417a 4500
003 - IDENTIFICADOR DEL NÚMERO DE CONTROL
control field AR-CdUCM
008 - DATOS DE LONGITUD FIJA--INFORMACIÓN GENERAL
fixed length control field 190329b ||||| |||| 00| 0 spa d
040 ## - FUENTE DE LA CATALOGACIÓN
Agencia/entidad que catalogó originalmente la obra MUNICIPALIDAD PROVINCIAL DEL CUSCO
Entidad que transcribió la catalogación BIBLIOTECA MUNICIPAL DEL CUSCO
082 ## - NÚMERO DE LA CLASIFICACIÓN DECIMAL DEWEY
No. de Clasificación 343 /
Notacion interna G81 / 1870
100 ## - ENTRADA PRINCIPAL--NOMBRE DE PERSONA
Nombre Personal Grimke, Federico
245 ## - MENCIÓN DE TÍTULO
Título Ciencia y derecho constitucional :
Resto del título Naturaleza y tendencias de las instituciones libres /
260 ## - PUBLICACIÓN, DISTRIBUCIÓN, ETC.
Lugar de publicación, distribución, etc. Paris :
Nombre de la editorial, distribuidor, etc. Libreria de rosa y bouret,
Fecha de publicación, distribución, etc. 1870
300 ## - DESCRIPCIÓN FÍSICA
Nº de Páginas Extensión 320 paginas ;
Dimensiones 21 cm.
440 ## - MENCIÓN DE SERIE/PUNTO DE ACCESO ADICIONAL--TÍTULO
Título Lecciones de derecho constitucional
Número de la parte/sección de una obra 1
9 (RLIN) 26776
505 ## - NOTA DE CONTENIDO CON FORMATO
Nota de contenido formateada Contenido: ciencia del gobierno -- constituciones escritas
650 ## - PUNTO DE ACCESO ADICIONAL DE MATERIA--TÉRMINO DE MATERIA
Descriptor Derecho
9 (RLIN) 739
650 ## - PUNTO DE ACCESO ADICIONAL DE MATERIA--TÉRMINO DE MATERIA
Descriptor Constitucional
9 (RLIN) 26777
650 ## - PUNTO DE ACCESO ADICIONAL DE MATERIA--TÉRMINO DE MATERIA
Descriptor Gobierno
9 (RLIN) 2618
700 ## - PUNTO DE ACCESO ADICIONAL--NOMBRE DE PERSONA
Nombre Personal Gonzales, Florentino
9 (RLIN) 26778
942 ## - ELEMENTOS DE PUNTO DE ACCESO ADICIONAL (KOHA)
Fuente de clasificación
Tipo de item Libros-BMC
945 ## - PROCESAMIENTO DE INFORMACIÓN LOCAL (OCLC)
Catalogador pjha
Holdings
Estado de retiro (separado) Fuente de clasificación o esquema de estanterías Estado dañado Ubicación Sala donde se ubica Nombre de la colección Fecha de adquisición o compra Costo, precio normal en soles Signatura topográfica Código de Barras Última vez visto (Koha) Tipo de ítem (Koha)
No     Sala Cusco Antiguo Sala Cusco Antiguo Book Cart 2019-03-29 40.00 343 / G81 / t.1 / 1870 SCA0000589 2019-03-29 Libros-BMC

Powered by Koha